|
|
|
|
| LEADER |
00836nam a2200277 4500 |
| 001 |
DLU160175232 |
| 005 |
##20160321 |
| 040 |
# |
# |
|a DLU
|b vie
|
| 041 |
# |
# |
|a vie
|
| 044 |
# |
# |
|a vn
|
| 100 |
# |
# |
|a Đào Tố Uyên,
|c PGS.TS.
|
| 245 |
# |
# |
|a Chợ Viềng Nam Giang - Lịch sử và truyền thống /
|c Đào Tố Uyên, Bùi Văn Huỳnh
|
| 653 |
# |
# |
|a Chợ Viềng (Nam Giang)
|
| 653 |
# |
# |
|a Mua bán
|
| 653 |
# |
# |
|a Truyền thống
|
| 700 |
# |
# |
|a Bùi Văn Huỳnh.
|
| 773 |
# |
# |
|t Tạp chí Nghiên cứu Lịch sử
|g Số 6 (422), 2011, tr.11-21
|
| 920 |
# |
# |
|a Phòng Tạp chí -- Trung tâm Thông tin - Thư viện Trường Đại học Đà Lạt
|
| 994 |
# |
# |
|a DLU
|
| 900 |
# |
# |
|a True
|
| 911 |
# |
# |
|a Trần Thị Minh Hương
|
| 925 |
# |
# |
|a G
|
| 926 |
# |
# |
|a A
|
| 927 |
# |
# |
|a BB
|
| 980 |
# |
# |
|a Thư viện Trường Đại học Đà Lạt
|